002470000a220007300045001000017000002450072000173000037000897730047001261 aTomes, Roger10aOur Holy and beautiful house : When and why was 1 King 6-8 written? aNúm 70 (1996), Páginas 33-500 tJournal for the Study of the Old Testament